000 00791nam a2200277Ia 4500
003 OSt
005 20220918163232.0
006 a|||||r|||| 00| 0
007 ta
008 220917b |||||||| |||| 00| 0 eng d
020 _a0 420 45290 7
024 _a252,600
037 _cTextual
040 _aARTS
_cARTS
_beng
041 _2eng
_aeng
082 _aZn3,N48, L7.30
100 _aLloyd Ed.
_912232
245 0 _aCurrent legal problems 1977 edited by Lloyd of Hampstead and Roger W Rideout
260 _aLondon
_bStevens and Sons UK
_c1977
300 _axvi,235p.
_ccm.
490 _vV30
650 _aLAW
_97240
700 _a Rideout Roger W Ed.
_912233
942 _hZn3,N48, L7.30
_cTEXL
_2CC
999 _c118669
_d118669